000 00974nam a2200265Ia 4500
003 OSt
005 20221005111602.0
006 a|||||r|||| 00| 0
007 ta
008 221004b |||||||| |||| 00| 0 hin d
020 _a817016898 (hbk)
_c200
024 _a107063
037 _b12961, 19/03/2011, Kitab Ghar
_cTextual
040 _aCRL
_cCRL
_bhin
041 _2hin
_ahin
082 _aO152:g, N1;N8
100 _aरांग्रा, रणवीर
245 0 _aहिन्दी - साहित्यकारों से साक्षात्कार
246 _aHindī - sāhityakāroan se sākṣhātkāra
260 _aनई दिल्ली
_bुकिताबघर भारत
_c1998
300 _a272पृ0
_ccm.
650 _aहिन्दी साहित्य
942 _hO152:g, N1;N8
_cTEXL
_2cc
999 _c1022258
_d1022258